000
00295pam a2200121a 44500
008
230405s1985 xxu||||| |||| 00| 0 eng d
041
_a
ENG
100
_a
chorloton f.
245
_a
Textbook of dynamics
260
_a
_b
c.b.s.publishers and distributors
_c
1985
300
_a
271
906
_a
1461
999
_c
292804
_d
292804